Resumen de Orientación: situaciones nacionales sobre los sistemas de dirección estrategica universitaria

Guardat en:
Dades bibliogràfiques
Autor corporatiu: Universitat Politècnica de Catalunya (Autor)
Format: Llibre
Idioma:espanyol
Publicat: Barcelona Universitat Politècnica de Catalunya 2010
Matèries:
Etiquetes: Afegir etiqueta
Sense etiquetes, Sigues el primer a etiquetar aquest registre!

MARC

LEADER 00000cam a2200000 a 4500
001 UCF3801
003 CL-VaPUC
008 121031e20100000SP |||||||||||||||||spa|d
082 0 4 |a 378.101  |b UNI  |2 21 
110 2 |a Universitat Politècnica de Catalunya  |e author  |9 565527 
245 1 0 |a Resumen de Orientación: situaciones nacionales sobre los sistemas de dirección estrategica universitaria 
246 1 0 |a Sistemas de Dirección Estratégica Universitaria: perspectivas nacionales. Documento de trabajo 2010 
300 |a 44 p 
942 |c BK 
945 |d 20121031 00:00:00  |a dcastane 
260 |a Barcelona  |b Universitat Politècnica de Catalunya  |c 2010 
500 |a Incluye CD 
650 0 |a Educación superior   |9 223851 
650 0 |a Universidades  |9 256317 
650 0 |a Planificación de la educación   |9 307333 
650 0 |a Gestión universitaria   |9 384681 
583 |a last modification  |c 20121107 11:23:17  |k Rodrigo Vera 
999 |c 349931  |d 349929 
952 |0 0  |1 0  |4 0  |6 378_101000000000000_UNI_2010  |7 0  |8 A  |9 452818  |a BIBEDU  |b BIBEDU  |d 2019-11-22  |i 4793285  |o 378.101 UNI 2010  |p 4793285  |r 2019-11-22  |w 2019-11-22  |y BK  |k EDU